000 00493nam a2200169Ia 4500
003 GCL
008 140319s9999 xx 000 0 ara d
040 _aGCL /
_cGCL
082 0 4 _a813.008
_bا ق
100 1 _aادوار الخراط
245 1 0 _aالقصة القصيرة فى السبعينيات: مختارات /
_cادوار الخراط
490 _a
650 0 4 _aالادب العربى
650 0 4 _aالقصة القصيرة
650 0 4 _aالمجموعات
942 _2ddc
_cBK
999 _c40637
_d40637